00509nam a2200145Ia 4500008004100000245013000041260001800171260000900189300000800198500001400206650001300220856003800233999001900271952007300290170516s9999 xx 000 0 und d aDiclofenac Salts, VIII. Effect of the Counterions on the Permeation through Porcine Membrane from Aqueous Saturated Solutions bPharmaceutics c2012 a4:3 aSeptember xPharmacy uhttp://www.mdpi.com/1999-4923/4/3 c331229d331229 001040aCLbCLd2017-05-16l0r2017-05-16 00:00:00w2017-05-16yFOJ